Miss Alaineus : (Record no. 40989)
[ view plain ]
| 000 -LEADER | |
|---|---|
| fixed length control field | 00544nam a2200217Ia 4500 |
| 003 - CONTROL NUMBER IDENTIFIER | |
| control field | OSt |
| 005 - DATE AND TIME OF LATEST TRANSACTION | |
| control field | 20140314135339.0 |
| 008 - FIXED-LENGTH DATA ELEMENTS--GENERAL INFORMATION | |
| fixed length control field | 140130s9999 xx 000 0 und d |
| 020 ## - INTERNATIONAL STANDARD BOOK NUMBER | |
| International Standard Book Number | 0439317916 |
| 050 ## - LIBRARY OF CONGRESS CALL NUMBER | |
| Classification number | PZ 7 |
| Item number | .F8654Mi 2001 |
| 100 ## - MAIN ENTRY--PERSONAL NAME | |
| Personal name | Frasier, Debra |
| 245 ## - TITLE STATEMENT | |
| Statement of responsibility, etc | Debra Frasier. |
| Title | Miss Alaineus : |
| Remainder of title | a vocabulary disaster / |
| 260 ## - PUBLICATION, DISTRIBUTION, ETC. (IMPRINT) | |
| Name of publisher, distributor, etc | Scholastic, |
| Place of publication, distribution, etc | 2001. |
| Date of publication, distribution, etc | New York : |
| 300 ## - PHYSICAL DESCRIPTION | |
| Extent | 40 p. : |
| Other physical details | col. ill. ; |
| Dimensions | 26 cm. |
| 521 ## - TARGET AUDIENCE NOTE | |
| Target audience note | |
| 526 ## - STUDY PROGRAM INFORMATION NOTE | |
| Reading level | 690 |
| 942 ## - ADDED ENTRY ELEMENTS (KOHA) | |
| Koha item type | Books |
| Source of classification or shelving scheme | Library of Congress Classification |
| Withdrawn status | Lost status | Source of classification or shelving scheme | Damaged status | Home library | Current library | Shelving location | Date acquired | Total Checkouts | Full call number | Barcode | Date last seen | Copy number | Price effective from | Koha item type |
|---|---|---|---|---|---|---|---|---|---|---|---|---|---|---|
| Library of Congress Classification | Munich Library | Munich Library | Scholastic Reading Center Section | 01/30/2014 | PZ 7 .F8654Mi 2001 | MS3295 | 01/30/2014 | 1 | 01/30/2014 | Books | ||||
| Library of Congress Classification | Munich Library | Munich Library | Scholastic Reading Center Section | 03/14/2014 | PZ 7 .F8654Mi 2001 | MS2980 | 03/14/2014 | 2 | 03/14/2014 | Books | ||||
| Library of Congress Classification | Munich Library | Munich Library | Scholastic Reading Center Section | 03/14/2014 | PZ 7 .F8654Mi 2001 | MS2902 | 03/14/2014 | 3 | 03/14/2014 | Books |